| Tag |
First Indicator |
Second Indicator |
Subfields |
| LEADER |
00000cam a2200000Mu 4500 |
| 001 |
in00004635658 |
| 006 |
m o d |
| 007 |
cr ||||||||||| |
| 008 |
211204s2020 xx o ||| 0 spa d |
| 005 |
20230103223521.4 |
| 035 |
|
|
|a (OCoLC)on1287135946
|
| 040 |
|
|
|a EBLCP
|b eng
|c EBLCP
|d JSTOR
|d OCLCF
|
| 020 |
|
|
|a 9789871751952
|q (electronic bk.)
|
| 020 |
|
|
|a 9871751958
|q (electronic bk.)
|
| 035 |
|
|
|a (OCoLC)1287135946
|
| 037 |
|
|
|a 22573/ctv31tzgzc
|b JSTOR
|
| 050 |
|
4 |
|a PQ8520.17.A4
|
| 082 |
0 |
4 |
|a 863.6409
|2 23/eng/20221202
|
| 049 |
|
|
|a TXAM
|
| 100 |
1 |
|
|a Montali, Gabriel.
|
| 245 |
1 |
3 |
|a La palabra, la política, la vida
|b estética y política en las trayectorias y producción intelectual de Eduardo Galeano y Francisco Urondo: 1955-1976.
|
| 260 |
|
|
|a Córdoba :
|b Universidad Nacional de Córdoba.,
|c 2020.
|
| 300 |
|
|
|a 1 online resource (236 p.)
|
| 336 |
|
|
|a text
|b txt
|2 rdacontent
|
| 337 |
|
|
|a computer
|b c
|2 rdamedia
|
| 338 |
|
|
|a online resource
|b cr
|2 rdacarrier
|
| 500 |
|
|
|a Description based upon print version of record.
|
| 600 |
1 |
0 |
|a Galeano, Eduardo,
|d 1940-2015
|x Criticism and interpretation.
|
| 600 |
1 |
0 |
|a Urondo, Francisco
|x Criticism and interpretation.
|
| 600 |
1 |
7 |
|a Galeano, Eduardo,
|d 1940-2015.
|2 fast
|0 (OCoLC)fst01802199
|
| 600 |
1 |
7 |
|a Urondo, Francisco.
|2 fast
|0 (OCoLC)fst00266754
|
| 650 |
|
0 |
|a Politics and literature
|z Latin America.
|
| 650 |
|
7 |
|a Politics and literature.
|2 fast
|0 (OCoLC)fst01069960
|
| 651 |
|
7 |
|a Latin America.
|2 fast
|0 (OCoLC)fst01245945
|
| 655 |
|
7 |
|a Electronic books.
|2 local
|
| 655 |
|
7 |
|a Criticism, interpretation, etc.
|2 fast
|0 (OCoLC)fst01411635
|
| 710 |
2 |
|
|a JSTOR (Organization)
|
| 776 |
0 |
8 |
|i Print version:
|a Montali, Gabriel
|t La palabra, la política, la vida
|d Córdoba : Universidad Nacional de Córdoba.,c2020
|
| 856 |
4 |
0 |
|u https://www.jstor.org/stable/10.2307/j.ctv31vqp5n
|z Connect to the full text of this electronic book
|t 0
|
| 955 |
|
|
|a JSTOR Open Access ebooks
|
| 994 |
|
|
|a 92
|b TXA
|
| 999 |
f |
f |
|s d3aa6555-f43d-4cb7-9ddb-d673aafd52f7
|i 4b3d1958-acc8-4542-9105-a99c80802628
|t 0
|
| 952 |
f |
f |
|a Texas A&M University
|b College Station
|c Electronic Resources
|d Available Online
|t 0
|e PQ8520.17.A4
|h Library of Congress classification
|
| 998 |
f |
f |
|a PQ8520.17.A4
|t 0
|l Available Online
|